000 00544nam a22001937a 4500
999 _c165783
_d165783
005 20190629162830.0
010 _aENG-125836
020 _a9788178245393
_c1195.00
035 _aEN-109368
037 _bDBAD/PUB
082 _a808.8
100 _aChatterji, Joya
245 _aPartition's legacies /
_cby Joya Chatterji
260 _aRanikhet
_bPermanent Black
_c2019
270 _aHimalayana, Mall Road
_bRanikhet
_e263645
300 _axxi,550p.
_c22cm(Hb)
500 _aIncludes index
942 _2ddc
_cEN
_h808.8
_mCHA